| Tag |
First Indicator |
Second Indicator |
Subfields |
| LEADER |
00000cam a2200000 4500 |
| 001 |
in00000227321 |
| 005 |
20210612063149.0 |
| 008 |
731012s1927 mdu b 00010 eng d |
| 010 |
|
|
|a 27027568
|
| 035 |
|
|
|a (OCoLC)00716973
|
| 035 |
|
|
|9 AAY9677AM
|
| 040 |
|
|
|c YNG
|d TXA
|d UtOrBLW
|
| 049 |
|
|
|a TXAM
|c [33772]
|
| 090 |
|
|
|a H31
|b .J6 ser. 45, no. 4
|
| 100 |
1 |
|
|a Spicer, George W.
|q (George Washington),
|d 1897-1980.
|
| 245 |
1 |
4 |
|a The constitutional status and government of Alaska /
|c by george Washington Spicer.
|
| 264 |
|
1 |
|a Baltimore :
|b The Johns Hopkins press,
|c 1927.
|
| 300 |
|
|
|a ix, 121 pages ;
|c 25 cm.
|
| 336 |
|
|
|a text
|b txt
|2 rdacontent
|
| 337 |
|
|
|a unmediated
|b n
|2 rdamedia
|
| 338 |
|
|
|a volume
|b nc
|2 rdacarrier
|
| 490 |
1 |
|
|a Johns Hopkins University. Studies in historical and political science,
|v Ser. XLV, no. 4
|
| 500 |
|
|
|a Published also as thesis (Ph.D.) Johns Hopkins university, 1926.
|
| 504 |
|
|
|a Bibliography: pages 116-117.
|
| 650 |
|
0 |
|a Courts
|z Alaska.
|
| 651 |
|
0 |
|a Alaska
|x Annexation to the United States.
|
| 651 |
|
0 |
|a Alaska
|x Politics and government.
|
| 830 |
|
0 |
|a Johns Hopkins University studies in historical and political science ;
|v 45th ser., 4.
|
| 999 |
|
|
|a MARS
|
| 999 |
f |
f |
|s 9c219367-b7ba-306d-8701-a79ee99e4a8d
|i 0bc3b9aa-dae3-33a3-bc54-2d48c1fb64f6
|t 0
|
| 952 |
f |
f |
|p normal
|a Texas A&M University
|b College Station
|c Sterling C. Evans Library
|d Evans: Library Stacks
|t 0
|e H31 .J6 ser.45
|h Library of Congress classification
|i unmediated -- volume
|m A14802505388
|
| 952 |
f |
f |
|a Texas A&M University
|b College Station
|c Sterling C. Evans Library
|d Evans: Library Stacks
|t 0
|e H31 .J6 ser.45
|h Library of Congress classification
|
| 998 |
f |
f |
|a H31 .J6 ser.45
|t 0
|l Evans: Library Stacks
|